Представление документа в формате MARC21

Поле Инд. ПП Название Значение
Тип записи a
Библиографический уровень b
001 Контрольный номер RU/IS/BASE/145380519
005 Дата корректировки 20220722154519.4
084 a Индекс другой классификации/Индекс ББК 87.22; 87.25; 60.0
100 10 a Автор Маркарян Э. С.
245 00 a Заглавие Феномен познавательной западни и перехода от специализированной к интегративной научно-образовательной культуре
520 0_ a Аннотация Автором рассмотрен в том числе и вопрос об эвристическом значении сопоставления патологий жизненных процессов, порождаемых социально-кризисными ситуациями и теми, которые являются предметом рассмотрения медицинской практики.
650 04 a Основная рубрика социальная философия
a Основная рубрика гносеология (эпистемология)
a Основная рубрика философия
a Основная рубрика философия науки
653 00 a Ключевые слова интегративная культура
a Ключевые слова медицинская патология
a Ключевые слова метод сравнительного анализа
a Ключевые слова научно-образовательная культура
a Ключевые слова общество
a Ключевые слова познание
a Ключевые слова социальная патология
a Ключевые слова социальный кризис
a Ключевые слова феномен познавательной западни
a Ключевые слова философия познания
a Ключевые слова эвристический метод
773 00 t Заглавие источника Философские науки
d Дата издания источника 2000
g Прочая информация № 3. - С. 49 - 54
w Контрольный № источника RU/IS/BASE/141145662
901 t Тип документа b